[Event "Muensterland Verbandsklasse-A 1112"]
[Site "Germany"]
[Date "2012.01.14"]
[Round "5.6"]
[White "Pigulla, Dirk"]
[Black "Boelting, Richard"]
[Result "1/2-1/2"]
[WhiteElo "1560"]
[BlackElo "1556"]
[PlyCount "46"]
[EventDate "2011.09.17"]
[EventType "team-tourn"]
[EventRounds "9"]
[EventCountry "GER"]
[SourceTitle "EXT 2013"]
[Source "ChessBase"]
[SourceDate "2012.11.22"]
[SourceVersion "1"]
[SourceVersionDate "2012.11.22"]
[SourceQuality "1"]
[WhiteTeam "Ostbevern Westbevern II"]
[BlackTeam "Bocholt II"]
[WhiteTeamCountry "GER"]
[BlackTeamCountry "GER"]

1. c4 e5 2. Nc3 Nc6 3. Nf3 d6 4. g3 Be7 5. Bg2 Nf6 6. 0-0 0-0 7. d4 exd4 8. Nxd4 Ne5 9. b3 c6 10. f4 Ng6 11. e4 Re8 12. h3 Qa5 13. Bb2 Nd7 14. Nf5 Bf8 15. Kh2 Qc7 16. h4 Nf6 17. h5 Bxf5 18. hxg6 Bxe4 19. Nxe4 Nxe4 20. gxh7+ Kh8 21. Qg4 d5 22. f5 f6 23. Bxe4 Rxe4 1/2-1/2

[Event "Muensterland Verbandsliga 0405"]
[Site "Muensterland"]
[Date "2004.09.18"]
[Round "1.6"]
[White "Schudro, Vassilij"]
[Black "Boelting, Richard"]
[Result "1-0"]
[WhiteElo "2123"]
[BlackElo "1644"]
[PlyCount "99"]
[EventDate "2004.09.18"]
[EventType "team"]
[EventRounds "9"]
[EventCountry "GER"]
[SourceTitle "EXT 2006"]
[Source "ChessBase"]
[SourceDate "2005.11.24"]
[SourceVersion "1"]
[SourceVersionDate "2005.11.24"]
[SourceQuality "1"]
[WhiteTeam "Emsdetten Turm II"]
[BlackTeam "Bocholt"]
[WhiteTeamCountry "GER"]
[BlackTeamCountry "GER"]

1. e4 e5 2. Nf3 Nc6 3. Nc3 d6 4. Bc4 Bg4 5. h3 Bh5 6. Nxe5 Nxe5 7. Qxh5 g6 8. Qe2 Bg7 9. Bb3 Ne7 10. d3 c6 11. 0-0 Nd7 12. Be3 0-0 13. Qd2 Nc5 14. Bh6 Nxb3 15. axb3 f5 16. Bxg7 Kxg7 17. Qe3 c5 18. e5 b6 19. exd6 Qxd6 20. Nb5 Qd7 21. Qe5+ Kg8 22. Rfe1 Nc6 23. Qe6+ Qxe6 24. Rxe6 Na5 25. Rae1 Rf7 26. h4 Rd8 27. Kf1 Rfd7 28. g3 a6 29. Nc3 Rd6 30. Rxd6 Rxd6 31. Re8+ Kf7 32. Ra8 Nc6 33. Ke1 a5 34. Na4 Re6+ 35. Kd1 Nd4 36. Ra7+ Kg8 37. Nc3 Rd6 38. Ne2 Ne6 39. Kd2 h6 40. Nf4 Nd4 41. h5 Nc6 42. Ra8+ Kg7 43. Nxg6 Nd4 44. Ne5 Nc6 45. Nxc6 Rxc6 46. Ra7+ Kf6 47. f4 Ke6 48. c4 b5 49. Rh7 bxc4 50. Rxh6+ 1-0

[Event "Muensterland Verbandsliga 0203"]
[Site "Muensterland"]
[Date "2003.03.08"]
[Round "7.8"]
[White "Fischer, Andreas"]
[Black "Boelting, Richard"]
[Result "1-0"]
[WhiteElo "1857"]
[BlackElo "1634"]
[PlyCount "73"]
[EventDate "2002.09.21"]
[EventType "team"]
[EventRounds "9"]
[EventCountry "GER"]
[SourceTitle "EXT 2004"]
[Source "ChessBase"]
[SourceDate "2003.11.25"]
[SourceVersion "1"]
[SourceVersionDate "2003.11.25"]
[SourceQuality "1"]
[WhiteTeam "Saerbeck Falke"]
[BlackTeam "Bocholt"]
[WhiteTeamCountry "GER"]
[BlackTeamCountry "GER"]

1. e4 e5 2. f4 d6 3. Nc3 Nc6 4. Nf3 Be7 5. Bb5 exf4 6. 0-0 Bd7 7. d4 Nf6 8. Bxf4 a6 9. Be2 h6 10. d5 Na7 11. Qd2 Bg4 12. Rae1 0-0 13. Nd4 Bxe2 14. Rxe2 Nh7 15. Rf3 Bg5 16. Rg3 Bxf4 17. Qxf4 Qf6 18. Nf5 g5 19. Qh4 Kh8 20. Qxh6 Qxh6 21. Nxh6 f6 22. Rf2 Nc8 23. Nf5 Rf7 24. Nd4 Nb6 25. Ne6 Rg8 26. Ne2 Nc4 27. N2d4 Ne5 28. Nf5 Rg6 29. Rc3 c5 30. Nxd6 Rd7 31. Nf5 c4 32. Rh3 Kg8 33. d6 Nc6 34. Nc5 g4 35. Rh5 Rd8 36. Rd2 b6 37. Ne7+ 1-0